000 01160nam a22002177a 4500
999 _c58147
_d58147
003 Ge_BSU
005 20210630140530.0
008 210630s2020 ge ||||| |||| 00| 0 geo d
020 _a9789941820724 (ტრილოგია)
020 _a9789941820755 (წიგნი 3)
041 _ageo
080 _a821.353.1-311.6 მ - 44
100 _aმახარაძე, აკაკი
_912168
245 _aიდუმალი ფრონტის რაინდი :
_bტრილოგია. წიგნი 3, იღბალა /
_cაკაკი მახარაძე ; რედაქტორი ოთარ ცინარიძე.
264 _aბათუმი:
_b(მცირე მეწარმე "მაია ჯაველიძე"),
_c2020.
300 _a224 გვ. ;
_b21 სმ.
500 _aტრილოგია ეძღვნება ძმის პროფესორ შოთა მახარაძის ნათელ ხსოვნას.
653 _aტრილოგია
700 _aცინარიძე, ოთარ
_eრედაქტორი
_912169
942 _2udc
_cBK